|
|
|
|
| LEADER |
01391nam a2200421 4500 |
| 001 |
DLU030022943 |
| 005 |
##20010629103721.0 |
| 008 |
##001121s2001 nyua b 001 0 eng |
| 010 |
# |
# |
|a 00067099
|
| 020 |
# |
# |
|a 033396019X
|
| 040 |
# |
# |
|a DLC
|c DLC
|d DLC
|
| 042 |
# |
# |
|a pcc
|
| 043 |
# |
# |
|a e------
|a a------
|
| 050 |
# |
# |
|a HD41
|b .I58 2001
|
| 082 |
# |
# |
|a 338.604 8
|b Int
|
| 245 |
# |
# |
|a Intangibles in competition and cooperation :
|b Euro-Asian perspectives /
|c edited by Parthasarathi Banerjee and Frank-Jurgen Richter.
|
| 260 |
# |
# |
|a Houndmills, Basingstoke, Hampshire ;
|a New York :
|b Palgrave,
|c 2001.
|
| 300 |
# |
# |
|a xvii, 373 p. :
|b ill. ;
|c 23 cm.
|
| 504 |
# |
# |
|a Includes bibliographical references and index.
|
| 650 |
# |
# |
|a Competition
|z Asia.
|
| 650 |
# |
# |
|a Competition
|z Europe.
|
| 650 |
# |
# |
|a Intangible property
|z Asia
|x Management
|
| 650 |
# |
# |
|a Intangible property
|z Europe
|x Management.
|
| 650 |
# |
# |
|a Knowledge management
|z Asia.
|
| 650 |
# |
# |
|a Knowledge management
|z Europe.
|
| 650 |
# |
# |
|a Technological innovations
|z Asia
|x Management.
|
| 650 |
# |
# |
|a Technological innovations
|z Europe
|x Management.
|
| 700 |
# |
# |
|a Banerjee, Parthasarathi.
|
| 700 |
# |
# |
|a Richter, Frank-Jurgen.
|
| 992 |
# |
# |
|a 69.95
|
| 994 |
# |
# |
|a DLU
|
| 900 |
# |
# |
|a True
|
| 911 |
# |
# |
|a Lê Thị Mạnh Xuân
|
| 925 |
# |
# |
|a G
|
| 926 |
# |
# |
|a A
|
| 927 |
# |
# |
|a SH
|
| 980 |
# |
# |
|a Thư viện Trường Đại học Đà Lạt
|